000 00313nam a2200109Ia 4500
008 200302s9999 xx 000 0 und d
100 _aJoseph A. Demkin AiA Executive
245 _aThe Architect's Handbook of Professional Practice 4th ed.,
260 _bJohn Wiley & Sons Inc.
260 _c2008
300 _a1027 P.,
999 _c3230
_d3230